00349pab a2200133 454500008004000000100001800040245005400058260000900112300001300121362001200134650002800146650002000174773002100194180718b2011 xxu||||| |||| 00| 0 eng d aGhosh, Jayati aSocial processes in the Indian accumulation story c2011 ap.35-46. aJan-Feb aEconomic growth - India aEconomic growth aSocial Scientist